| 000 | 00632nam a2200181Ia 4500 | ||
|---|---|---|---|
| 008 | 151018s9999 xx 000 0 und d | ||
| 082 |
_bRBASDV11019 _a891.463 |
||
| 100 | _aधारप नारायण | ||
| 245 | _aसमर्थांची स्मरणी | ||
| 250 | _b1 | ||
| 260 |
_bश्रीविद्या प्रकाशन पुणे _c1976 |
||
| 300 | _a118 | ||
| 600 | _aधारप नारायण | ||
| 630 | _aसमर्थांची स्मरणी | ||
| 700 | _aधारप नारायण | ||
| 730 | _aसमर्थांची स्मरणी | ||
| 942 | _cBOOK | ||
| 999 |
_c1013371 _d1013368 |
||